Statystyki dla Gry video według liter alfabetu

Kliknij tutaj aby rozwiązać quiz!

Ogólne statystyki

  • Ten quiz został rozwiązany 309 razy
  • Średni wynik to 12 z 26

Statystyki odpowiedzi

LiteraOpisGra% Poprawnych
AStrzelanie do konstrukcji
ze świniami za pomocą
ptaków oraz procy
Angry Birds
89%
BStrzelanka od Supercell,
w której zdobywa się
pucharki i żetony,
za które odblokowuje
się nowe postacie
Brawl Stars
79%
FPolega na prowadzeniu
gospodarstwa rolnego,
umożliwia prowadzenie
maszyn rolniczych,
realistyczna grafika
Farming Simulator
79%
NSeria gier o tematyce
wyścigów ulicznych
Need for Speed
79%
CFabularna gra akcji
tocząca się w przyszłości,
w mieście Night City,
w Kaliforni Północnej
Cyberpunk 2077
75%
JGra, w której tańczy się
do gotowych układów, a im
lepiej się je zatańczy, tym
więcej punktów się otrzyma
Just Dance
72%
MSeria bijatyk wydawana
na automaty, później
na konsole, która w 1995
oraz 2021 doczekała się
ekranizacji filmowych
Mortal Kombat
64%
PRozgrywka polegająca
na rozwijaniu choroby
i zabiciu nią wszystkich ludzi
Plague Inc.
62%
GSeria gier fabularnych
opowiadająca o Bezimiennym
żyjącym w świecie, w którym
ludzie i orkowie toczą wojnę
Gothic
57%
XOsadzona w uniwersum Marvela
przygodówka, nazywająca się tak
samo, jak jedna z tamtejszych
grup bohaterów
X-Men
57%
OHorror, w którym dziennikarz
przeszukuje ośrodek badawczy,
w którym zabijani są ludzie
Outlast
53%
RSurvival horror osadzony
w Raccoon City, w którym rozniósł
się wirus zombie, więc rząd USA
spuścił na nie bombę atomową
Resident Evil
49%
WSeria gier fabularnych toczących
się w mieście, z hakowaniem jako
bardzo ważną umiejętnością
Watch Dogs
49%
DSurvival horror, w którym
gracze dzielą się na drużynę
uciekinierów i zabójców,
da się wybrać swoją postać
Dead by Daylight
47%
QSeria gier FPS, pierwszy raz
wydana w 1996, a ostania
część w 2018
Quake
45%
VFPS wydany w 2020 roku,
w którym dobiera się postać,
a potem nią gra
Valorant
45%
IPolega na skakaniu po coraz
wyżej położonych platformach
postacią ubraną w niebieską
czapkę zasłaniającą oczy
Icy Tower
37%
KJapońska platformówka
z różową kulką
o czerwonch stopach
jako główną postacią
Kirby
36%
LSeria platformówek
ze szmacianą lalką jako
główną postacią (Sackboy)
i kolorowej grafice
LittleBigPlanet
36%
SSeria przygodówek podobnych
do GTA, osadzonych w fikcyjnych
miastach Stilwater i Steelport
Saints Row
33%
UGra fabularna, w której bohater
Frisk wykonuje zadania i pokonuje
potwory poprzez poruszanie się
serduszkiem i unikanie ataków
Undertale
30%
HSeria gier FPS, oferująca
również tryb jednoosobowy,
w którym to ludzie walczą
przeciwko sojuszowi Covenant
Halo
28%
TPoszukiwacz przygód ucieka
w nieskończoność przed
małpami i unika przeszkód
Temple Run
25%
YOparta na anime o tym samym
tytule gra karciana, gdzie
przeciwnicy mają karty
postaci o różnej sile
Yu-Gi-Oh!
19%
EHorror, w którym postać
o imieniu Mark szuka części
tablicy zniszczonej w wyniku
eksplozji, by odkryć prawdę
Evil Inside
1%
ZAdaptacja gry na automaty
(aczkolwiek kojarzonej
z WIndows XP) na PS3,
telefony oraz Nintendo 3DS
Zen Pinball
0%

Rozkład punktacji

Percentyl według liczby udzielonych odpowiedzi

Procent ludzi z każdym wynikiem

Twoja historia wyników

Nie rozwiązałeś tego quizu